000 00276nam a22001337a 4500
008 171113b xxu||||| |||| 00| 0 eng d
020 _a2900324364377
041 _aeng
080 _a338
100 _a53
101 _aMAN
245 _aRETAILING
_cDUNNE.L
942 _2udc
_cBK
999 _c38257
_d38257